000 01977nam a22004093 4500
001 1876598794
003 DE-627
005 20240311095133.0
007 cr uuu---uuuuu
008 231220s2023 gw |||||o 00| ||eng c
020 _a9783657790470
_9978-3-657-79047-0
024 3 _a9783657790470
035 _a(DE-627)1876598794
035 _a(DE-599)KEP099627698
035 _a(UTB)9783657790470
035 _a(EBP)099627698
040 _aDE-627
_bger
_cDE-627
041 _aeng
044 _cXA-DE
072 7 _a9559
_2wsb
245 1 0 _aHistories of Prostitution in Central, East Central and South Eastern Europe
_cheraúsgegeben von Sonja Dolinsek, Magdalena Saryusz-Wolska
250 _a2023
264 1 _aPaderborn
_bBrill | Schöningh
_c2023
300 _a1 Online-Ressource (278 Seiten)
336 _aText
_btxt
_2rdacontent
337 _aComputermedien
_bc
_2rdamedia
338 _aOnline-Ressource
_bcr
_2rdacarrier
500 _aE-Book / Zugriff nur im DHI-Lesesaal
520 _aThis edited collection comprises twelve original research papers scrutinizing the historical dimensions of prostitution across 19th and 20th century Central, South, and East-Central Europe. Each contribution employs distinct methodological perspectives and diverse sources. Notably, this volume includes pioneering articles delineating nearly uncharted terrains in the history of prostitution in Europe, especially socialist Eastern European countries. The volume is intended primarily for scholars and students specializing in women's history, gender studies, and sexualities, as well as histories of crime and policing with a focus on European or Global History.
650 7 _2gnd
_aProstitution
_9866
651 7 _2gnd
_aEuropa
700 1 _aDolinsek, Sonja
_eHerausgeberIn
_4edt
_961281
700 1 _aSaryusz-Wolska, Magdalena
_eHerausgeberIn
_4edt
_961282
856 4 0 _uhttps://doi.org/10.30965/9783657790470
_zVolltext
942 _2z
_cEB
999 _c70435
_d70435